| 000 | 00430cam a2200169ua 4500 | ||
|---|---|---|---|
| 020 | _c15.00 | ||
| 041 |
_aeng _h |
||
| 082 |
_a595.2 _bEDN/WA |
||
| 100 | _aEdney, E.B . | ||
| 245 |
_aWater relations of terrestrial arthropods / _cE.B.Edney. _hTextual Documents |
||
| 260 |
_a : _bCambridge at the University Press , _c1957. |
||
| 300 | _a108 ; . | ||
| 365 | _a15.00 | ||
| 504 | _a | ||
| 942 | _cBK | ||
| 999 |
_c1921 _d1921 |
||